[Event "AUT-ch U14 Girls"]
[Site "Woerth"]
[Date "2015.05.26"]
[Round "7.4"]
[White "Wurzer, Miriam"]
[Black "Haslwanter, Celina"]
[Result "1/2-1/2"]
[WhiteElo "1136"]
[BlackElo "1049"]
[PlyCount "49"]
[EventDate "2015.05.23"]
[EventType "swiss"]
[EventRounds "7"]
[EventCountry "AUT"]
[SourceTitle "EXT 2024"]
[Source "ChessBase"]
[SourceDate "2023.10.10"]
[SourceVersion "1"]
[SourceVersionDate "2023.10.10"]
[SourceQuality "1"]

1. e4 e6 2. d4 d5 3. exd5 exd5 4. Nc3 Nf6 5. Nf3 Nc6 6. Bb5 Bd7 7. 0-0 a6 8. Ba4 b5 9. Bb3 Bb4 10. Bd2 0-0 11. a3 Bd6 12. Bg5 Be6 13. Re1 h6 14. Bxf6 Qxf6 15. Rb1 Ne7 16. Re2 c6 17. Qd2 Rab8 18. Ne5 b4 19. axb4 Bxb4 20. Nf3 Bd6 21. Ne5 Bb4 22. Nf3 Bd6 23. Ne5 Bb4 24. Nf3 Bd6 25. Ne5 1/2-1/2